000 00602nam a22001697a 4500
003 NUST
038 _aNusrat Nadeem
082 _a200
100 _aMahboob, Komal
_9125642
245 _aUrdu Translation, Cultural Adaptation, and Validation of Personality Inventory For DSM-5/
_cKomal Mahboob,
264 _aIslamabad;
_bS3H NUST;
_c2024.
300 _a193,p;
_bill;
_c30,cm.
650 _aMS- Clinical Psychology
_9125310
700 _aSupervisor: Dr. Zainab Khan Co Supervisor: Dr. Tamkeen Ashraf Malik
_9125643
856 _u http://10.250.8.41:8080/xmlui/handle/123456789/46280
942 _2ddc
_cSC
999 _c611368
_d611368